| 000 | 00541nam a22002057a 4500 | ||
|---|---|---|---|
| 003 | 330010 | ||
| 005 | 20260409090602.0 | ||
| 008 | 240202b sa ||||| |||| 00| 0 eng d | ||
| 020 |
_a9781415207154 _qpbk |
||
| 040 | _c3228 | ||
| 041 | _2E | ||
| 082 | _a823.92 DAV | ||
| 100 | _aNadia Davids | ||
| 245 | _aAn Imperfect Blessing | ||
| 250 | _a1st Ed. | ||
| 260 |
_aCape Town _bUmuzi an imprint of random struik (Pty) Ltd _c2014 |
||
| 300 |
_a410 Pages _c21 cm |
||
| 942 |
_w190 _xDudu Mondlane _y190 _zDudu Mondlane |
||
| 942 |
_2ddc _cBOOK |
||
| 999 |
_c762086 _d762085 |
||